El prestigio social de la profesión docente y la elección vocacional /
Spremljeno u:
| Glavni autor: | |
|---|---|
| Format: | Knjiga |
| Jezik: | Spanish |
| Oznake: |
Dodaj oznaku
Bez oznaka, Budi prvi tko označuje ovaj zapis!
|
MARC
| LEADER | 00000nam a22000007a 4500 | ||
|---|---|---|---|
| 003 | cru CIDCACS/IIS | ||
| 005 | 20170728062528.0 | ||
| 007 | ta | ||
| 008 | 170726t1998 cr ||||| |||| 00| 0 spa d | ||
| 999 | |c 19491 |d 19491 | ||
| 040 | |c cru CIDCACS/IIS | ||
| 100 | 1 | |9 5039 |a Mata Segreda, Alejandrina | |
| 245 | 1 | 3 | |a El prestigio social de la profesión docente y la elección vocacional / |c Alejandrina Mata Segreda |
| 300 | |a páginas 45-52 | ||
| 773 | 0 | |0 19488 |9 1056 |a Universidad de Costa Rica |d San José, Costa Rica: Editorial Universidad de Costa Rica, 1977- |o 18146 |t Educación: |x 03797082 | |
| 942 | |2 ddc |c PP | ||
